Central Library OPAC University of Rajshahi

লিঙ্গবৈষম্য ও নারীউন্নয়ন : (Record no. 81556)

MARC details
000 -LEADER
fixed length control field 01565nam a2200265 a 4500
001 - CONTROL NUMBER
RUCL Control Number 81556
003 - CONTROL NUMBER IDENTIFIER
rucl marc code BD-RjUL
005 - DATE AND TIME OF LATEST TRANSACTION
control field 20230716122236.0
008 - FIXED-LENGTH DATA ELEMENTS--GENERAL INFORMATION
fixed length control field 230711s2021 bg a|||| m||| 00| 0 ben d
035 ## - SYSTEM CONTROL NUMBER
system control number (BD-RjUL)81556
040 ## - CATALOGING SOURCE
Original cataloging agency BD-RjUL
Language of cataloging ben / eng
Transcribing agency BD-RjUL
Modifying agency BD-RjUL
041 ## - LANGUAGE CODE
Language code of Book ben
082 ## - DEWEY DECIMAL CLASSIFICATION NUMBER
Classification number 305.3
Author mark and Year FAL 2021
DDC Edition number 23
100 ## - MAIN ENTRY--PERSONAL NAME
Personal name ফাতেমা, রিফাত
9 (RLIN) 7967
245 10 - TITLE STATEMENT
Title লিঙ্গবৈষম্য ও নারীউন্নয়ন :
Remainder of title সাঁওতাল জনগোষ্ঠীর ওপর একটি সমীক্ষা /
Statement of responsibility, etc রিফাত ফাতেমা ;
Name of Supervisor/Co-Supervisor তত্ত্বাবধায়ক : মো. জাহাঙ্গীর হোসেন
246 ## - VARYING FORM OF TITLE
Title proper/short title Gender Discrimination and Women Development :
Remainder of title A Study on Santal Communiity /
260 ## - PUBLICATION, DISTRIBUTION, ETC. (IMPRINT)
Place of publication, distribution, etc রাজশাহী :
Name of publisher, distributor, etc ফোকলোর বিভাগ, রাজশাহী বিশ্ববিদ্যালয়,
Date of publication, distribution, etc ২০২১
300 ## - PHYSICAL DESCRIPTION
Pagination ১৩, ১৬৯ পাতা :
Other physical details চিএ ;
Dimensions ২৯ সেমি.
502 ## - DISSERTATION NOTE
Dissertation note থিসিস (পিএইচ. ডি.) -- ফোকলোর বিভাগ, রাজশাহী বিশ্ববিদ্যালয়, ২০২১
504 ## - BIBLIOGRAPHY, ETC. NOTE
Bibliography, etc গ্রন্থপঞ্জি : পাতা [১৬২]-১৬৯
650 ## - SUBJECT ADDED ENTRY--TOPICAL TERM
Topical term or geographic name as entry element লিঙ্গ পরিচয়
Form subdivision বৈষম্য
9 (RLIN) 7969
Topical term or geographic name as entry element Gender identity
Form subdivision Discrimination
9 (RLIN) 7970
700 ## - ADDED ENTRY--SUPERVISOR/CO-SUPERVISOR NAME
Personal name হোসেন, মো. জাহাঙ্গীর, তত্ত্বাবধায়ক
9 (RLIN) 7968
942 ## - ADDED ENTRY ELEMENTS (KOHA)
Source of classification or shelving scheme Dewey Decimal Classification
Koha item type Theses
Holdings
Source of classification or shelving scheme Damaged status Not for loan Collection code Permanent Location Current Location Shelving location Date of accession Source of acquisition Full call number Barcode Date last seen Copy number Thesis
Dewey Decimal Classification   Not For Loan Theses Central Library, University of Rajshahi Central Library, University of Rajshahi Documentation Section 29/03/2023 Controller of Exam. R. U. BTHE 305.3 FAL 2021 D4797 11/07/2023 C-1 Theses